| 000 | 01885nam0a2200373 4500 | ||
|---|---|---|---|
| 001 | RU\NLR\bibl\1013316 | ||
| 005 | 20250614232108.0 | ||
| 010 |
_a5-364-00310-8 _9200 |
||
| 021 |
_aRU _b2006-64960 _93250 |
||
| 035 | _a(nilc)RSL-KNO-002957300 | ||
| 035 | _a(NLR Aleph) 001000930 | ||
| 090 |
_a578177 _c578177 |
||
| 100 | _a20061010d2006 |||y0rusy50 ca | ||
| 101 | 0 | _arus | |
| 102 | _aRU | ||
| 105 | _aa ||||||||| | ||
| 106 | _ar | ||
| 200 | 1 |
_aДиагностирование узлов локомотивов по результатам спектрального анализа смазочного материала _eмонография _fС.М. Овчаренко _gМ-во трансп. Российской Федерации. Федеральное агентство ж.-д. трансп., Омский гос. ун-т путей сообщения |
|
| 210 |
_aМосква _cСпутник+ _d2006 _eМ. _gКомпания <Спутник+> |
||
| 215 |
_a174 с. _cил. _d21 |
||
| 320 | _aБиблиогр.: с. 165-174 (127 назв.) | ||
| 606 | 1 |
_aЛокомотивы _xДетали _xТехническая диагностика _92448744 _3RU\NLR\auth\661456110 |
|
| 610 | 0 | _aТранспорт -- Железнодорожный транспорт -- Локомотивы -- Технический осмотр. Техническая диагностика | |
| 610 | 0 | _aсмазочные материалы - спектральный анализ | |
| 610 | 0 | _aспектральный анализ смазочных материалов | |
| 686 |
_aО23-082.051,0 _2rubbk |
||
| 686 | _aО23-082.051 | ||
| 700 | 1 |
_aОвчаренко _bС. М. _gСергей Михайлович _4070 |
|
| 801 | 0 |
_aRU _bРКП _c20061010 _grcr |
|
| 801 | 1 |
_aRU _bРГБ _c20061010 |
|
| 801 | 2 |
_aRU _bNLR _c20061124 _grcr |
|
| 942 | _cBOOK | ||
| 980 | _aNB | ||